书目信息

书名: 会计工作问答 
作者: 裴建勋 编著
出版信息: 兰州   甘肃人民出版社  1984.01
开本页数: 19cm  619页
丛书名:
单 册:
中图分类: F
科图分类:
主题词: 经济
电子资源:
ISBN:
000 00526nam0 2200193 450
001 0670387321
005 20060321203152.64
010    @dCNY2.00
100    @a20060321d1984 km y0chiy0120 ea
101 @achi
102    @aCN@b620000
200 @a会计工作问答@Akuai ji gong zuo wen da@f裴建勋等编著@Fpei jian xun deng bian zhu
210    @a兰州@c甘肃人民出版社@d1984.01
215    @a619页@d19cm
606 @a经济
690    @aF@v4
701  0 @a裴建勋@Apei jian xun@4编著
801  0 @aCN@bNISOFT@c20060321
905    @a10447@dF@e1690
    
    会计工作问答/裴建勋等编著.-兰州:甘肃人民出版社,1984.01
    619页;19cm
    
    
    ISBN :CNY2.00
    
相关链接 在五车中查询图书 在当当中查询图书 在豆瓣中查询图书


正题名:会计工作问答     索取号:F/1690         预约/预借

序号 登录号 条形码 馆藏地/架位号 状态 备注
1 97740   200977407   海科密-1楼/12架4列6层/ [索取号:F/1690] 在馆    
2 99460   200994601   海科密-1楼/11架10列5层/ [索取号:F/1690] 在馆